|
|
|
|
| LEADER |
00000nam a22000007a 4500 |
| 005 |
20200421145132.0 |
| 007 |
cr|||| |||| |
| 008 |
200421s2019 co |||||s|||| 00||0 spa d |
| 020 |
|
|
|a 978-958-760-196-1
|
| 035 |
|
|
|a 31333
|
| 040 |
|
|
|a vLex
|
| 090 |
|
|
|c 10304
|d 10304
|
| 100 |
1 |
|
|a Hernǹdez Arteaga, Isabel
|
| 245 |
1 |
0 |
|a Cultura de paz
|h [Recurso electrn̤ico] :
|b concepciones, percepciones y compromisos /
|c Isabel Hernǹdez Arteaga, Mara̕ Elsa Unriza Puin, Helmer Fernando Llanez Anaya, Fredys Alberto Simanca Herrera, Laureano David Angarita Becerra
|
| 256 |
|
|
|a Servicio en ln̕ea
|
| 260 |
|
|
|a Bogot:̀
|b Ediciones Universidad Cooperativa de Colombia,
|c 2019
|
| 300 |
|
|
|a 1 recurso electrn̤ico
|
| 500 |
|
|
|a El libro presenta los resultados de la investigacin̤ que sobre cultura de paz se realiz ̤en la Universidad Cooperativa de Colombia, sede Bogot.̀ Este tema resulta relevante, en tanto que Colombia es catalogado como uno de los pas̕es ms̀ violentos del mundo, lo que hace que su cultura sea vulnerable. La comunidad universitaria es consciente de que la construccin̤ de cultura de paz es un desafo̕ y, a la vez, una premisa para lograr el desarrollo de la sociedad. Su construccin̤ demanda la participacin̤ de todos. Como parte de la responsabilidad social de la academia, es necesario conocer cm̤o se proyecta lograr la paz desde el ambiente universitario. Para ello se debe entender qu ̌concepciones de paz y de cultura de paz tienen las personas y cul̀es compromisos estǹ dispuestos a asumir para construir nuevos procesos y relaciones sociales basadas en el respeto y la empata̕. Los resultados de esta investigacin̤ estǹ permeados por la tendencia humanizante de la educacin̤, la cual, motiv ̤el trascender posturas rg̕idas y acartonadas, para asumir la participacin̤ y el interš personal y colectivo. As,̕ este documento presenta reflexiones y compromisos relevantes, que tienen como base la responsabilidad social que debe cumplir la UCC (as ̕como todas las universidades), frente al tema de la paz, articulando conocimiento, experiencia, recursos y voluntades para responder a los desafo̕s que demanda la creacin̤ y sostenibilidad de una sociedad menos violenta.
|
| 506 |
1 |
|
|a Disponible solo en los productos indicados
|d vLex Global
|d vLex Global (Academic Edition, excluding Law Schools)
|d vLex Global (U.S. Academic Edition, Law Schools)
|d vLex Global (U.S. Academic Edition, excluding Law Schools)
|d vLex Global (Academic Edition, Law Schools)
|
| 650 |
0 |
4 |
|a Derecho Pb︢lico y Administrativo
|z Colombia
|
| 700 |
1 |
|
|a Unriza Puin, Mara̕ Elsa
|
| 700 |
1 |
|
|a Llanez Anaya, Helmer Fernando
|
| 700 |
1 |
|
|a Simanca Herrera, Fredys Alberto
|
| 700 |
1 |
|
|a Angarita Becerra, Laureano David
|
| 740 |
0 |
|
|a vLex Libros (Servicio en ln̕ea)
|
| 856 |
4 |
0 |
|u http://vlex.com/source/cultura-de-paz-concepciones-percepciones-y-compromisos-31333
|z Acceso restringido
|
| 942 |
|
|
|c BOOK
|
| 999 |
0 |
|
|a Public and Administrative Law
|